000 00939nam0a22002411 4500
001 rc\2689101
005 20260407054857.0
035 _a(NLR Aleph) 006817399
090 _a6407298
_c6407298
100 _a20110915d1933 |||y0rusy50 ca
101 0 _arus
102 _aRU
105 _ay z |||||
200 1 _aОбъем программных требований к учителям школы 1 ступени - продвиженцам на преподо[?]вательскую работу в школу 2-ой ступени
210 _a[Новосибирск]
_cСибкрайшкола ФЗУ
_d[1933]
215 _a16 с.
_d22х14 см.
710 0 2 _aЗападно-Сибирский краевой отдел народного образования
_3RU\NLR\AUTH\8810025303
_9548856
801 0 _aRU
_bNLR
_gpsbo
801 1 _aRU
_bELAR
_2rusmarc
852 _aNLR
_j34-11/766
942 _cBOOK
980 _aNB